Dos ciudades más pobladas de cada país europeo. - Estadísticas

Estadísticas generales
  • Esta prueba ha sido intentada 213 veces
  • La puntuación promedio es 54 de 88
Estadísticas de respuestas
Hint Respuesta % Correcto
Alemania Berlín
98%
España Madrid
95%
Austria Viena
95%
España Barcelona
94%
Francia París
94%
Andorra Andorra la vella / Andorra la vieja
93%
Grecia Atenas
93%
Italia Milán
93%
Italia Roma
93%
Albania Tirana
93%
Finlandia Helsinki
92%
Portugal Lisboa
92%
Croacia Zagreb
92%
Países Bajos Amsterdam
91%
Hungría Budapest
91%
Dinamarca Copenhague
91%
Ucrania Kiev
91%
Reino unido Londrés
91%
Noruega Oslo
91%
Bulgaria Sofia
91%
Turquía Estambul
90%
Bielorrusia Minsk
90%
Rusia Moscú
90%
Polonia Varsovia
90%
Rumanía Bucarest
89%
Irlanda Dublin
89%
Luxemburgo Luxemburgo
89%
Francia Marsella
89%
Suecia Estocolmo
88%
Turquía Ankara
87%
Mónaco Mónaco
87%
Letonia Riga
87%
Rusia San Petersburgo
87%
Estonia Tallin
87%
Alemania Hamburgo
86%
Chipre Nicosia
86%
Islandia Reikiavik
86%
Bosnia Sarajevo
86%
Serbia Belgrado
85%
Eslovenia Liubliana
82%
Eslovaquia Bratislava
81%
Lituania Vilna
81%
Suiza Zúrich
80%
Liechtenstein Vaduz
79%
Portugal Porto
77%
Polonia Cracovia
74%
Reino Unido Birmingham
73%
Moldavia Chisinau
73%
Macedonia del Norte Skopie
73%
Bélgica Amberes
71%
Montenegro Podgorica
70%
Suiza Ginebra
68%
Países Bajos Róterdam
67%
Grecia Salónica / Tesalónica
56%
Bélgica Gante
53%
Croacia Split
51%
Irlanda Cork
49%
Suecia Gotemburgo
49%
Noruega Bergen
46%
Ucrania Kharkiv / Járkov
46%
Mónaco Montecarlo
44%
Austria Graz
36%
Lituania Kaunas
35%
Moldavia Tiraspol
30%
Dinamarca Aarhus
29%
Eslovenia Maribor
25%
Rumanía Cluj-Napoca
24%
Chipre Limassol
24%
Serbia Novi Sad
24%
Eslovaquia Kosice
22%
Bulgaria Plovdiv
22%
Albania Durres / Dirraquio
21%
Estonia Tartu
19%
Hungría Debrecen
16%
Finlandia Espoo
14%
Bielorrusia Gómel
13%
Letonia Daugavpils
10%
Bosnia Bania Luka
9%
Liechtenstein Schaan
8%
San Marino Serravalle
8%
Andorra Escaldes-Engordany
7%
Macedonia del Norte Bitola
6%
Islandia Kopavogur
6%
Malta Birkirkara
4%
San Marino Borgo Maggiore
3%
Luxemburgo Esch-sur-alzette
3%
Montenegro Niksic
3%
Malta Qormi
2%
No se encontraron pruebas coincidentes
Distribución de puntuación
Porcentaje de gente con cada puntuación
Porcentaje por número respondido
Historial de tus puntuaciones
No has intentado esta prueba.